[Event "DEM U16 2025"]
[Site "Willingen GER"]
[Date "2025.06.14"]
[Round "9"]
[White "Weber, Nikita"]
[Black "Sickmann, Lisa"]
[Result "1-0"]
[Termination "normal"]
[Board "10"]
[BlackTitle "WFM"]
[WhiteElo "2074"]
[BlackElo "1974"]
[WhiteClock "00:28:57"]
[BlackClock "00:52:57"]
[PlyCount "103"]
[WhiteFideId "34608770"]
[BlackFideId "16267818"]
[EventCountry "GER"]
[EventRounds "9"]
[EventType "swiss"]
[EventDate "2025.06.07"]

1. e4 {[%clk 01:30:57]} {[%emt 00:00:02]} g6 {[%clk 01:28:24]} {[%emt
00:02:35]} 2. h4 {[%clk 01:29:57]} {[%emt 00:01:31]} h5 {[%clk 01:28:44]}
{[%emt 00:00:11]} 3. d4 {[%clk 01:30:04]} {[%emt 00:00:22]} Bg7 {[%clk
01:29:08]} {[%emt 00:00:06]} 4. Nf3 {[%clk 01:27:54]} {[%emt 00:02:40]} d6
{[%clk 01:27:26]} {[%emt 00:02:11]} 5. Be2 {[%clk 01:27:34]} {[%emt 00:00:50]}
Bg4 {[%clk 01:25:02]} {[%emt 00:02:54]} 6. c3 {[%clk 01:25:18]} {[%emt
00:02:47]} Nd7 {[%clk 01:23:34]} {[%emt 00:01:58]} 7. Qb3 {[%clk 01:08:21]}
{[%emt 00:17:27]} Bxf3 {[%clk 01:13:07]} {[%emt 00:10:56]} 8. gxf3 {[%clk
01:04:11]} {[%emt 00:04:40]} c5 {[%clk 01:07:13]} {[%emt 00:06:24]} 9. Be3
{[%clk 00:51:57]} {[%emt 00:12:44]} Qc7 {[%clk 01:06:23]} {[%emt 00:01:21]} 10.
Bc4 {[%clk 00:47:52]} {[%emt 00:04:35]} e6 {[%clk 01:05:32]} {[%emt 00:01:20]}
11. d5 {[%clk 00:44:03]} {[%emt 00:04:20]} e5 {[%clk 01:05:33]} {[%emt
00:00:29]} 12. a4 {[%clk 00:40:12]} {[%emt 00:04:21]} Bf6 {[%clk 01:03:59]}
{[%emt 00:02:03]} 13. Nd2 {[%clk 00:37:23]} {[%emt 00:03:19]} Rb8 {[%clk
01:00:26]} {[%emt 00:04:03]} 14. Bb5 {[%clk 00:33:58]} {[%emt 00:03:55]} Ne7
{[%clk 00:59:40]} {[%emt 00:01:16]} 15. Bxd7+ {[%clk 00:30:42]} {[%emt
00:03:47]} Qxd7 {[%clk 00:58:38]} {[%emt 00:01:31]} 16. Qb5 {[%clk 00:28:44]}
{[%emt 00:02:28]} Nc8 {[%clk 00:57:12]} {[%emt 00:01:57]} 17. Nc4 {[%clk
00:27:48]} {[%emt 00:01:26]} a6 {[%clk 00:56:24]} {[%emt 00:01:17]} 18. Qxd7+
{[%clk 00:28:07]} {[%emt 00:00:11]} Kxd7 {[%clk 00:56:49]} {[%emt 00:00:04]}
19. a5 {[%clk 00:28:28]} {[%emt 00:00:10]} b5 {[%clk 00:48:36]} {[%emt
00:08:43]} 20. axb6 {[%clk 00:28:35]} {[%emt 00:00:23]} Nxb6 {[%clk 00:48:59]}
{[%emt 00:00:08]} 21. Nd2 {[%clk 00:25:12]} {[%emt 00:03:53]} Na8 {[%clk
00:48:11]} {[%emt 00:01:17]} 22. Rxa6 {[%clk 00:25:22]} {[%emt 00:00:21]} Rxb2
{[%clk 00:47:19]} {[%emt 00:01:21]} 23. Rxd6+ {[%clk 00:24:27]} {[%emt
00:01:25]} Kxd6 {[%clk 00:47:19]} {[%emt 00:00:30]} 24. Nc4+ {[%clk 00:24:56]}
Kd7 {[%clk 00:47:39]} {[%emt 00:00:10]} 25. Nxb2 {[%clk 00:25:25]} {[%emt
00:00:02]} Rb8 {[%clk 00:47:42]} {[%emt 00:00:26]} 26. Nd1 {[%clk 00:20:50]}
{[%emt 00:05:05]} Kd6 {[%clk 00:45:39]} {[%emt 00:02:33]} 27. Kf1 {[%clk
00:18:59]} {[%emt 00:02:21]} Rb1 {[%clk 00:45:12]} {[%emt 00:00:57]} 28. Kg2
{[%clk 00:18:33]} {[%emt 00:00:56]} Bxh4 {[%clk 00:41:11]} {[%emt 00:04:31]}
29. Rxh4 {[%clk 00:19:02]} {[%emt 00:00:02]} Rxd1 {[%clk 00:41:35]} {[%emt
00:00:06]} 30. Bh6 {[%clk 00:19:01]} {[%emt 00:00:30]} c4 {[%clk 00:41:12]}
{[%emt 00:00:53]} 31. Bf8+ {[%clk 00:18:01]} {[%emt 00:01:30]} Kd7 {[%clk
00:41:32]} {[%emt 00:00:11]} 32. Bg7 {[%clk 00:18:04]} {[%emt 00:00:26]} Kd6
{[%clk 00:41:16]} {[%emt 00:00:46]} 33. Bf8+ {[%clk 00:18:02]} {[%emt
00:00:32]} Kd7 {[%clk 00:41:40]} {[%emt 00:00:07]} 34. Bg7 {[%clk 00:18:28]}
{[%emt 00:00:03]} Kd6 {[%clk 00:42:06]} {[%emt 00:00:04]} 35. f4 {[%clk
00:18:49]} {[%emt 00:00:09]} exf4 {[%clk 00:41:48]} {[%emt 00:00:48]} 36. Rxf4
{[%clk 00:19:18]} {[%emt 00:00:01]} Ke7 {[%clk 00:42:07]} {[%emt 00:00:11]} 37.
Bf6+ {[%clk 00:19:06]} {[%emt 00:00:42]} Ke8 {[%clk 00:42:21]} {[%emt
00:00:16]} 38. Bg7 {[%clk 00:13:55]} {[%emt 00:05:41]} Nb6 {[%clk 00:32:41]}
{[%emt 00:10:10]} 39. Rf6 {[%clk 00:14:14]} {[%emt 00:00:12]} Na4 {[%clk
00:33:05]} {[%emt 00:00:05]} 40. Rc6 {[%clk 00:11:47]} {[%emt 00:02:57]} Nb2
{[%clk 00:33:26]} {[%emt 00:00:09]} 41. Bf6 {[%clk 00:11:54]} {[%emt 00:00:23]}
Kd7 {[%clk 00:32:42]} {[%emt 00:01:14]} 42. Ra6 {[%clk 00:11:24]} {[%emt
00:00:59]} Rd3 {[%clk 00:31:41]} {[%emt 00:01:31]} 43. Ra7+ {[%clk 00:11:45]}
{[%emt 00:00:10]} Kd6 {[%clk 00:31:04]} {[%emt 00:01:06]} 44. Ra6+ {[%clk
00:04:18]} {[%emt 00:07:58]} Kd7 {[%clk 00:29:21]} {[%emt 00:02:13]} 45. Be5
{[%clk 00:01:59]} {[%emt 00:02:48]} h4 {[%clk 00:28:51]} {[%emt 00:00:59]} 46.
Ra7+ {[%clk 00:02:23]} {[%emt 00:00:07]} Kc8 {[%clk 00:27:52]} {[%emt
00:01:29]} 47. Rxf7 {[%clk 00:02:14]} {[%emt 00:00:39]} Nd1 {[%clk 00:27:34]}
{[%emt 00:00:48]} 48. d6 {[%clk 00:28:49]} {[%emt 00:03:55]} h3+ {[%clk
00:55:33]} {[%emt 00:02:31]} 49. Kh2 {[%clk 00:29:07]} {[%emt 00:00:12]} Rd2
{[%clk 00:54:19]} {[%emt 00:01:44]} 50. Bd4 {[%clk 00:28:46]} {[%emt 00:00:52]}
Rxd4 {[%clk 00:52:33]} {[%emt 00:02:16]} 51. cxd4 {[%clk 00:29:13]} {[%emt
00:00:03]} c3 {[%clk 00:52:57]} {[%emt 00:00:06]} 52. e5 {[%clk 00:28:57]}
{[%emt 00:00:47]} 1-0

[Event "DEM U16 2025"]
[Site "Willingen GER"]
[Date "2025.06.14"]
[Round "9"]
[White "Blodig, Vincent"]
[Black "Steger, Lukas Daniel"]
[Result "0-1"]
[Termination "normal"]
[Board "11"]
[WhiteElo "2129"]
[BlackElo "2135"]
[WhiteClock "00:30:09"]
[BlackClock "00:30:57"]
[PlyCount "86"]
[WhiteFideId "16297857"]
[BlackFideId "3335151"]
[EventCountry "GER"]
[EventRounds "9"]
[EventType "swiss"]
[EventDate "2025.06.07"]

1. e4 {[%clk 01:30:58]} {[%emt 00:00:02]} c5 {[%clk 01:30:53]} {[%emt
00:00:07]} 2. Nf3 {[%clk 01:31:13]} {[%emt 00:00:15]} Nc6 {[%clk 01:31:13]}
{[%emt 00:00:09]} 3. d4 {[%clk 01:31:38]} {[%emt 00:00:06]} cxd4 {[%clk
01:31:38]} {[%emt 00:00:06]} 4. Nxd4 {[%clk 01:32:04]} {[%emt 00:00:03]} Nf6
{[%clk 01:32:00]} {[%emt 00:00:07]} 5. Nc3 {[%clk 01:32:28]} {[%emt 00:00:06]}
e5 {[%clk 01:32:18]} {[%emt 00:00:12]} 6. Ndb5 {[%clk 01:32:54]} {[%emt
00:00:05]} d6 {[%clk 01:32:42]} {[%emt 00:00:06]} 7. Bg5 {[%clk 01:33:17]}
{[%emt 00:00:07]} a6 {[%clk 01:33:07]} {[%emt 00:00:06]} 8. Na3 {[%clk
01:33:39]} {[%emt 00:00:07]} b5 {[%clk 01:33:31]} {[%emt 00:00:06]} 9. Nd5
{[%clk 01:32:45]} {[%emt 00:01:24]} Be7 {[%clk 01:33:52]} {[%emt 00:00:08]} 10.
Bxf6 {[%clk 01:33:10]} {[%emt 00:00:06]} Bxf6 {[%clk 01:34:15]} {[%emt
00:00:07]} 11. c3 {[%clk 01:33:36]} {[%emt 00:00:04]} Ne7 {[%clk 01:34:05]}
{[%emt 00:00:40]} 12. Nc2 {[%clk 01:24:24]} {[%emt 00:09:42]} Nxd5 {[%clk
01:34:27]} {[%emt 00:00:08]} 13. Qxd5 {[%clk 01:24:42]} {[%emt 00:00:13]} Rb8
{[%clk 01:34:53]} {[%emt 00:00:04]} 14. Qd3 {[%clk 01:13:40]} {[%emt 00:11:32]}
O-O {[%clk 01:25:40]} {[%emt 00:09:43]} 15. Be2 {[%clk 01:10:09]} {[%emt
00:04:00]} Bb7 {[%clk 00:59:45]} {[%emt 00:26:25]} 16. Rd1 {[%clk 01:07:27]}
{[%emt 00:03:11]} Bg5 {[%clk 00:53:04]} {[%emt 00:07:12]} 17. O-O {[%clk
01:00:05]} {[%emt 00:07:51]} a5 {[%clk 00:45:47]} {[%emt 00:07:47]} 18. Bf3
{[%clk 00:47:01]} {[%emt 00:13:34]} d5 {[%clk 00:38:19]} {[%emt 00:07:58]} 19.
Qxb5 {[%clk 00:36:28]} {[%emt 00:11:04]} Ba8 {[%clk 00:32:12]} {[%emt
00:06:37]} 20. Qa4 {[%clk 00:35:50]} {[%emt 00:01:08]} Rxb2 {[%clk 00:29:22]}
{[%emt 00:03:20]} 21. Na3 {[%clk 00:20:00]} {[%emt 00:16:20]} Qc7 {[%clk
00:25:10]} {[%emt 00:04:41]} 22. exd5 {[%clk 00:18:33]} {[%emt 00:01:58]} Qxc3
{[%clk 00:25:06]} {[%emt 00:00:33]} 23. Nb1 {[%clk 00:14:39]} {[%emt 00:04:24]}
Qc5 {[%clk 00:22:09]} {[%emt 00:03:27]} 24. Qg4 {[%clk 00:13:27]} {[%emt
00:01:42]} Bf4 {[%clk 00:15:57]} {[%emt 00:06:42]} 25. g3 {[%clk 00:09:06]}
{[%emt 00:04:52]} Bh6 {[%clk 00:13:33]} {[%emt 00:02:52]} 26. Qf5 {[%clk
00:08:40]} {[%emt 00:00:57]} Qd6 {[%clk 00:11:37]} {[%emt 00:02:27]} 27. Nc3
{[%clk 00:07:53]} {[%emt 00:01:17]} g6 {[%clk 00:08:53]} {[%emt 00:03:15]} 28.
Ne4 {[%clk 00:07:52]} {[%emt 00:00:31]} Qa3 {[%clk 00:04:16]} {[%emt 00:05:06]}
29. Nf6+ {[%clk 00:06:45]} {[%emt 00:01:38]} Kh8 {[%clk 00:04:16]} {[%emt
00:00:30]} 30. Qe4 {[%clk 00:02:51]} {[%emt 00:04:23]} Bg7 {[%clk 00:02:52]}
{[%emt 00:01:53]} 31. Nd7 {[%clk 00:02:19]} {[%emt 00:01:03]} Re8 {[%clk
00:01:54]} {[%emt 00:01:28]} 32. Rc1 {[%clk 00:02:15]} {[%emt 00:00:35]} f5
{[%clk 00:01:05]} {[%emt 00:01:19]} 33. Qc4 {[%clk 00:02:21]} {[%emt 00:00:24]}
Qxf3 {[%clk 00:00:59]} {[%emt 00:00:36]} 34. Qc8 {[%clk 00:01:04]} {[%emt
00:01:47]} Rxc8 {[%clk 00:00:56]} {[%emt 00:00:33]} 35. Rxc8+ {[%clk 00:01:30]}
{[%emt 00:00:05]} Bf8 {[%clk 00:01:22]} {[%emt 00:00:03]} 36. Nxf8 {[%clk
00:01:15]} {[%emt 00:00:45]} Kg7 {[%clk 00:00:59]} {[%emt 00:00:53]} 37. Rxa8
{[%clk 00:01:04]} {[%emt 00:00:41]} Qxd5 {[%clk 00:01:07]} {[%emt 00:00:22]}
38. Rc8 {[%clk 00:01:26]} {[%emt 00:00:08]} Rb7 {[%clk 00:00:45]} {[%emt
00:00:52]} 39. Rfc1 {[%clk 00:01:25]} {[%emt 00:00:31]} h5 {[%clk 00:00:46]}
{[%emt 00:00:29]} 40. h4 {[%clk 00:01:32]} {[%emt 00:00:23]} f4 {[%clk
00:00:43]} {[%emt 00:00:33]} 41. Kh2 {[%clk 00:01:27]} {[%emt 00:00:34]} fxg3+
{[%clk 00:01:00]} {[%emt 00:00:14]} 42. Kxg3 {[%clk 00:01:22]} {[%emt
00:00:35]} Rf7 {[%clk 00:00:44]} {[%emt 00:00:45]} 43. R1c5 {[%clk 00:30:09]}
{[%emt 00:01:43]} Qf3+ {[%clk 00:30:57]} {[%emt 00:00:18]} 0-1

[Event "DEM U16 2025"]
[Site "Willingen GER"]
[Date "2025.06.14"]
[Round "9"]
[White "Rose, Simeon"]
[Black "Schwitkowski, Luka"]
[Result "0-1"]
[Termination "normal"]
[Board "12"]
[WhiteElo "1864"]
[BlackElo "2129"]
[WhiteClock "00:14:53"]
[BlackClock "00:58:15"]
[PlyCount "62"]
[WhiteFideId "34625062"]
[BlackFideId "34610669"]
[EventCountry "GER"]
[EventRounds "9"]
[EventType "swiss"]
[EventDate "2025.06.07"]

1. e4 {[%clk 01:30:58]} {[%emt 00:00:02]} c5 {[%clk 01:30:56]} {[%emt
00:00:04]} 2. Nf3 {[%clk 01:31:16]} {[%emt 00:00:12]} e6 {[%clk 01:31:19]}
{[%emt 00:00:07]} 3. c3 {[%clk 01:30:10]} {[%emt 00:01:37]} Nc6 {[%clk
01:31:30]} {[%emt 00:00:18]} 4. d4 {[%clk 01:30:16]} {[%emt 00:00:24]} d5
{[%clk 01:31:52]} {[%emt 00:00:08]} 5. e5 {[%clk 01:30:32]} {[%emt 00:00:15]}
Qb6 {[%clk 01:32:15]} {[%emt 00:00:06]} 6. Bd3 {[%clk 01:30:03]} {[%emt
00:01:00]} cxd4 {[%clk 01:32:36]} {[%emt 00:00:09]} 7. cxd4 {[%clk 01:30:26]}
{[%emt 00:00:07]} Bd7 {[%clk 01:33:01]} {[%emt 00:00:05]} 8. Bc2 {[%clk
01:29:22]} {[%emt 00:01:34]} Nb4 {[%clk 01:32:52]} {[%emt 00:00:39]} 9. Ba4
{[%clk 01:25:17]} {[%emt 00:04:35]} Qa6 {[%clk 01:27:24]} {[%emt 00:05:57]} 10.
Bxd7+ {[%clk 01:21:17]} {[%emt 00:04:31]} Kxd7 {[%clk 01:26:51]} {[%emt
00:01:04]} 11. Nc3 {[%clk 01:19:45]} {[%emt 00:02:01]} Nd3+ {[%clk 01:26:48]}
{[%emt 00:00:33]} 12. Kd2 {[%clk 01:05:51]} {[%emt 00:14:23]} Nxf2 {[%clk
01:27:14]} {[%emt 00:00:04]} 13. Qb3 {[%clk 01:03:43]} {[%emt 00:02:38]} Nxh1
{[%clk 01:26:52]} {[%emt 00:00:52]} 14. Ke3 {[%clk 01:03:30]} {[%emt 00:00:40]}
Nh6 {[%clk 01:25:59]} {[%emt 00:01:26]} 15. Nb5 {[%clk 00:54:53]} {[%emt
00:09:07]} g5 {[%clk 01:20:50]} {[%emt 00:05:39]} 16. Nxg5 {[%clk 00:52:30]}
{[%emt 00:02:52]} Rg8 {[%clk 01:14:03]} {[%emt 00:07:18]} 17. Kf3 {[%clk
00:50:28]} {[%emt 00:02:33]} Nf5 {[%clk 01:11:05]} {[%emt 00:03:28]} 18. g3
{[%clk 00:41:59]} {[%emt 00:08:58]} Be7 {[%clk 01:09:46]} {[%emt 00:01:49]} 19.
Nxf7 {[%clk 00:38:14]} {[%emt 00:04:14]} Raf8 {[%clk 01:08:54]} {[%emt
00:01:23]} 20. Bf4 {[%clk 00:37:24]} {[%emt 00:01:19]} Nhxg3 {[%clk 01:08:00]}
{[%emt 00:01:24]} 21. Rc1 {[%clk 00:34:18]} {[%emt 00:03:37]} Nh4+ {[%clk
01:05:50]} {[%emt 00:02:39]} 22. Ke3 {[%clk 00:33:02]} {[%emt 00:01:46]} Ngf5+
{[%clk 01:05:48]} {[%emt 00:00:33]} 23. Kd3 {[%clk 00:28:47]} {[%emt 00:04:45]}
Rc8 {[%clk 01:03:22]} {[%emt 00:02:55]} 24. Rf1 {[%clk 00:24:40]} {[%emt
00:04:37]} Rc4 {[%clk 01:03:19]} {[%emt 00:00:34]} 25. Nfd6 {[%clk 00:17:18]}
{[%emt 00:07:51]} Bxd6 {[%clk 01:01:40]} {[%emt 00:02:10]} 26. exd6 {[%clk
00:17:37]} {[%emt 00:00:11]} Rxd4+ {[%clk 01:00:32]} {[%emt 00:01:38]} 27. Kc2
{[%clk 00:17:19]} {[%emt 00:00:47]} Rc8+ {[%clk 00:58:17]} {[%emt 00:02:45]}
28. Kb1 {[%clk 00:17:29]} {[%emt 00:00:20]} Rc5 {[%clk 00:58:30]} {[%emt
00:00:18]} 29. a4 {[%clk 00:17:15]} {[%emt 00:00:44]} Rxa4 {[%clk 00:57:51]}
{[%emt 00:01:09]} 30. Nc3 {[%clk 00:14:51]} {[%emt 00:02:54]} Qd3+ {[%clk
00:57:47]} {[%emt 00:00:33]} 31. Kc1 {[%clk 00:14:53]} {[%emt 00:00:29]} Ra1#
{[%clk 00:58:15]} {[%emt 00:00:02]} 0-1

[Event "DEM U16 2025"]
[Site "Willingen GER"]
[Date "2025.06.14"]
[Round "9"]
[White "Bangert, Jonas"]
[Black "Jung, Marcel"]
[Result "1-0"]
[Termination "normal"]
[Board "13"]
[WhiteElo "1969"]
[BlackElo "1728"]
[WhiteClock "00:26:14"]
[BlackClock "00:31:30"]
[PlyCount "89"]
[WhiteFideId "16289650"]
[BlackFideId "34673881"]
[EventCountry "GER"]
[EventRounds "9"]
[EventType "swiss"]
[EventDate "2025.06.07"]

1. d4 {[%clk 01:30:56]} {[%emt 00:00:04]} Nf6 {[%clk 01:30:54]} {[%emt
00:00:06]} 2. Nf3 {[%clk 01:31:22]} {[%emt 00:00:05]} g6 {[%clk 01:31:20]}
{[%emt 00:00:03]} 3. c4 {[%clk 01:31:46]} {[%emt 00:00:06]} Bg7 {[%clk
01:31:45]} {[%emt 00:00:04]} 4. Nc3 {[%clk 01:32:09]} {[%emt 00:00:07]} O-O
{[%clk 01:32:10]} 5. g3 {[%clk 01:32:28]} {[%emt 00:00:17]} d6 {[%clk
01:32:17]} 6. Bg2 {[%clk 01:32:28]} c5 {[%emt 00:07:35]} 7. d5 Na6 {[%clk
01:29:59]} {[%emt 00:00:16]} 8. O-O {[%clk 01:26:54]} {[%emt 00:02:53]} Nc7
{[%emt 00:03:13]} 9. e4 {[%emt 00:01:07]} a6 {[%emt 00:01:10]} 10. a4 {[%emt
00:04:15]} b6 {[%emt 00:12:23]} 11. h3 {[%clk 01:10:02]} {[%emt 00:02:13]} Bd7
{[%emt 00:10:42]} 12. e5 {[%clk 01:01:03]} {[%emt 00:02:09]} Nfe8 {[%clk
01:16:01]} {[%emt 00:03:16]} 13. Bf4 Rb8 {[%emt 00:14:41]} 14. Ne4 {[%clk
00:46:37]} {[%emt 00:05:05]} Bf5 {[%emt 00:02:04]} 15. Re1 {[%clk 00:45:43]}
{[%emt 00:00:55]} b5 {[%clk 01:14:23]} 16. axb5 {[%clk 00:43:17]} {[%emt
00:04:00]} axb5 {[%emt 00:02:06]} 17. b3 {[%clk 00:35:49]} {[%emt 00:06:01]}
Bxe4 {[%clk 01:08:41]} 18. Rxe4 {[%clk 00:35:51]} {[%emt 00:07:00]} f6 {[%emt
00:02:53]} 19. exf6 {[%clk 00:28:42]} {[%emt 00:05:28]} Nxf6 {[%clk 01:08:47]}
20. Re2 {[%clk 00:23:20]} {[%emt 00:06:04]} Qd7 {[%clk 00:46:12]} {[%emt
00:19:44]} 21. Ra7 {[%clk 00:18:37]} Ra8 {[%clk 00:37:08]} {[%emt 00:11:43]}
22. Rea2 {[%clk 00:12:16]} Ne4 {[%clk 00:37:08]} 23. Qc2 {[%clk 00:12:16]}
{[%emt 00:14:16]} Nc3 {[%clk 00:35:10]} 24. Rxa8 {[%clk 00:12:30]} {[%emt
00:02:44]} Nxa8 {[%clk 00:34:13]} 25. Ra1 {[%clk 00:02:20]} {[%emt 00:12:08]}
Ne2+ {[%clk 00:31:59]} 26. Qxe2 {[%clk 00:02:46]} {[%emt 00:02:48]} Bxa1 {[%clk
00:32:19]} 27. Ng5 {[%clk 00:02:56]} {[%emt 00:00:30]} Nc7 {[%clk 00:21:10]}
28. Be4 {[%clk 00:01:40]} {[%emt 00:13:25]} Qe8 {[%clk 00:14:52]} 29. h4 {[%clk
00:00:46]} {[%emt 00:08:12]} h6 {[%clk 00:10:04]} 30. Nh3 {[%clk 00:00:35]}
{[%emt 00:05:59]} Bg7 {[%clk 00:10:09]} 31. Qd3 {[%clk 00:00:35]} Rf6 {[%clk
00:10:09]} 32. Kg2 {[%clk 00:00:35]} bxc4 {[%clk 00:10:09]} 33. bxc4 {[%clk
00:00:35]} e5 {[%clk 00:10:09]} 34. dxe6 {[%clk 00:00:51]} {[%emt 00:08:48]}
Qxe6 {[%clk 00:03:11]} 35. Bd2 {[%clk 00:00:34]} {[%emt 00:03:05]} Kf7 {[%clk
00:02:08]} {[%emt 00:01:33]} 36. Nf4 {[%clk 00:00:34]} {[%emt 00:00:30]} Rxf4
{[%clk 00:01:51]} {[%emt 00:00:47]} 37. Bxf4 {[%clk 00:00:53]} {[%emt
00:00:11]} h5 {[%clk 00:00:35]} {[%emt 00:01:46]} 38. Bxd6 {[%clk 00:00:49]}
{[%emt 00:00:35]} Qd7 {[%clk 00:00:32]} {[%emt 00:00:33]} 39. Bxg6+ {[%clk
00:00:43]} {[%emt 00:00:36]} Kg8 {[%clk 00:00:51]} 40. Bxc7 {[%clk 00:00:43]}
{[%emt 00:00:41]} Qxc7 {[%clk 00:01:11]} 41. Qd5+ {[%clk 00:00:43]} Kf8 {[%clk
00:30:40]} {[%emt 00:03:26]} 42. Qf5+ {[%clk 00:26:20]} {[%emt 00:03:07]} Ke7
{[%clk 00:30:43]} {[%emt 00:00:26]} 43. Qf7+ {[%clk 00:26:36]} {[%emt
00:00:15]} Kd6 {[%clk 00:31:03]} {[%emt 00:00:09]} 44. Qxc7+ {[%clk 00:26:31]}
{[%emt 00:00:36]} Kxc7 {[%clk 00:31:30]} {[%emt 00:00:02]} 45. Bxh5 {[%clk
00:26:14]} {[%emt 00:00:49]} 1-0

[Event "DEM U16 2025"]
[Site "Willingen GER"]
[Date "2025.06.14"]
[Round "9"]
[White "Kaplan, Arne"]
[Black "Zomartova, Ilya"]
[Result "0-1"]
[Termination "normal"]
[Board "14"]
[WhiteElo "1846"]
[BlackElo "1962"]
[WhiteClock "00:13:03"]
[BlackClock "00:25:55"]
[PlyCount "77"]
[WhiteFideId "34625194"]
[BlackFideId "13630946"]
[EventCountry "GER"]
[EventRounds "9"]
[EventType "swiss"]
[EventDate "2025.06.07"]

1. e4 {[%clk 01:30:55]} {[%emt 00:00:03]} c5 {[%clk 01:30:58]} {[%emt
00:00:03]} 2. Nf3 {[%clk 01:31:10]} {[%emt 00:00:15]} Nc6 {[%clk 01:31:23]}
{[%emt 00:00:05]} 3. d4 {[%clk 01:31:33]} {[%emt 00:00:07]} cxd4 {[%clk
01:31:50]} {[%emt 00:00:04]} 4. Nxd4 {[%clk 01:31:55]} {[%emt 00:00:08]} Nf6
{[%clk 01:32:16]} {[%emt 00:00:04]} 5. Nc3 {[%clk 01:32:16]} {[%emt 00:00:08]}
e5 {[%clk 01:32:37]} {[%emt 00:00:08]} 6. Ndb5 {[%clk 01:32:40]} {[%emt
00:00:07]} d6 {[%clk 01:32:59]} {[%emt 00:00:08]} 7. Bg5 {[%clk 01:33:02]}
{[%emt 00:00:08]} a6 {[%clk 01:33:23]} {[%emt 00:00:07]} 8. Na3 {[%clk
01:33:25]} {[%emt 00:00:06]} b5 {[%clk 01:33:46]} {[%emt 00:00:07]} 9. Nd5
{[%clk 01:33:49]} {[%emt 00:00:06]} Be7 {[%clk 01:34:06]} {[%emt 00:00:11]} 10.
Bxf6 {[%clk 01:34:11]} {[%emt 00:00:08]} Bxf6 {[%clk 01:34:30]} {[%emt
00:00:06]} 11. c3 {[%clk 01:34:35]} {[%emt 00:00:06]} O-O {[%clk 01:34:50]}
{[%emt 00:00:09]} 12. Nc2 {[%clk 01:34:43]} {[%emt 00:00:21]} Bg5 {[%clk
01:35:06]} {[%emt 00:00:14]} 13. a4 {[%clk 01:34:56]} {[%emt 00:00:18]} bxa4
{[%clk 01:35:30]} {[%emt 00:00:07]} 14. Rxa4 {[%clk 01:35:09]} {[%emt
00:00:17]} a5 {[%clk 01:35:52]} {[%emt 00:00:07]} 15. h4 {[%clk 01:35:26]}
{[%emt 00:00:12]} Bh6 {[%clk 01:36:05]} {[%emt 00:00:18]} 16. Bb5 {[%clk
01:35:36]} {[%emt 00:00:20]} Ne7 {[%clk 01:32:13]} {[%emt 00:04:22]} 17. Ncb4
{[%clk 01:27:57]} {[%emt 00:08:08]} Nxd5 {[%clk 01:23:31]} {[%emt 00:09:12]}
18. Nxd5 {[%clk 01:26:11]} {[%emt 00:02:17]} Rb8 {[%clk 01:16:39]} {[%emt
00:07:22]} 19. Qe2 {[%clk 01:19:52]} {[%emt 00:06:49]} Kh8 {[%clk 01:11:46]}
{[%emt 00:05:23]} 20. Bd3 {[%clk 01:15:43]} {[%emt 00:04:39]} Be6 {[%clk
01:09:46]} {[%emt 00:02:30]} 21. c4 {[%clk 01:07:29]} {[%emt 00:08:45]} g6
{[%clk 00:54:54]} {[%emt 00:15:22]} 22. h5 {[%clk 01:02:18]} {[%emt 00:05:40]}
Qg5 {[%clk 00:54:38]} {[%emt 00:00:46]} 23. Ne3 {[%clk 00:52:43]} {[%emt
00:10:04]} Rb7 {[%clk 00:40:04]} {[%emt 00:15:05]} 24. hxg6 {[%clk 00:47:58]}
{[%emt 00:05:16]} fxg6 {[%clk 00:39:28]} {[%emt 00:01:05]} 25. Rxa5 {[%clk
00:47:27]} {[%emt 00:01:01]} Rbf7 {[%clk 00:39:29]} {[%emt 00:00:29]} 26. Rf1
{[%clk 00:45:33]} {[%emt 00:02:24]} Qh4 {[%clk 00:38:56]} {[%emt 00:01:03]} 27.
b4 {[%clk 00:40:12]} {[%emt 00:05:52]} Rb7 {[%clk 00:31:04]} {[%emt 00:08:22]}
28. b5 {[%clk 00:38:54]} {[%emt 00:01:47]} Qd8 {[%clk 00:31:13]} {[%emt
00:00:21]} 29. Ra6 {[%clk 00:37:49]} {[%emt 00:01:35]} Qc7 {[%clk 00:31:24]}
{[%emt 00:00:17]} 30. Nc2 {[%clk 00:32:33]} {[%emt 00:05:47]} Rc8 {[%clk
00:31:08]} {[%emt 00:00:46]} 31. Nb4 {[%clk 00:29:32]} {[%emt 00:03:32]} Rxb5
{[%clk 00:28:24]} {[%emt 00:03:14]} 32. Rc6 {[%clk 00:20:52]} {[%emt 00:09:09]}
Qa5 {[%clk 00:25:48]} {[%emt 00:03:08]} 33. Rxc8+ {[%clk 00:21:15]} {[%emt
00:00:06]} Bxc8 {[%clk 00:26:13]} {[%emt 00:00:05]} 34. cxb5 {[%clk 00:21:39]}
{[%emt 00:00:06]} Qxb4+ {[%clk 00:26:34]} {[%emt 00:00:09]} 35. Kd1 {[%clk
00:22:04]} {[%emt 00:00:05]} Be6 {[%clk 00:26:47]} {[%emt 00:00:16]} 36. Qe1
{[%clk 00:13:41]} {[%emt 00:08:52]} Qd4 {[%clk 00:25:29]} {[%emt 00:01:49]} 37.
Ke2 {[%clk 00:13:33]} {[%emt 00:00:38]} Bg4+ {[%clk 00:25:36]} {[%emt
00:00:23]} 38. f3 {[%clk 00:13:03]} {[%emt 00:01:00]} Qe3+ {[%clk 00:25:55]}
{[%emt 00:00:09]} 39. f4 {[%emt 00:00:30]} 0-1